000 01593nam a22004217a 4500
001 0005101
003 KOHA_MİRAKIL
005 20260207001433.0
007 ta
008 090814b2005 tu |||gr||||#||||0|tur |
020 _a9751704693
_q(tk)
_c0,01
040 _aTR-BiSEU
_btur
_cTR-BiSEU
_erda
041 0 _atur
044 _ctu
050 _aCS27
_b.O98 2005
100 1 _aÖztuna, Yılmaz.
245 1 _aDevletler ve hanedanlar/
_cYılmaz Öztuna ; Yılmaz Öztuna.
250 _a3. bs.
264 1 _aAnkara :
_bKültür ve Turizm Bakanlığı yayınları
_c2005
300 _a5 c.
336 _ametin
_btxt
_2rdacontent
337 _aaracısız
_bn
_2rdamedia
338 _acilt
_bnc
_2rdacarrier
490 1 _aKültür ve Turizm Bakanlığı Kütüphaneler ve Yayımlar Genel Müdürlüğü ;
_v1097,1101,1225,1345,1831.
490 1 _aKültür eserleri dizisi ;
_v397
505 _aİçindekiler: 1.c.: İslam Devletleri--2.c.: Türkiye (1074-1990)--3.c.: İlk çağ ve Asya-Afrika--4.c.: Avrupa Devletleri--5.c.: Latin Avrupa-Amerika.
650 0 _aKings and rulers.
_912253
650 0 _aRoyal houses.
_912254
650 0 _aTurkey--History.
_95455
650 0 _aMiddle East--History.
_912255
650 0 _aKrallar ve hükümdarlar.
_912256
650 0 _aTürkiye--Tarih.
_94893
650 0 _aOrta Doğu--Tarih.
_912257
650 0 _aKraliyet evleri.
_912258
830 1 _aKültür ve Turizm Bakanlığı Kütüphaneler ve Yayımlar Genel Müdürlüğü ;
_v1097,1101,1225,1345,1831.
_912259
830 1 _aKültür eserleri dizisi ;
_v397
_97174
942 _2lcc
_cBK
999 _c5083
_d5083